000 01143cam a2200241 a 4500
003 OSt
005 20260318110711.0
008 260318b |||||||| |||| 00| 0 eng d
020 _a9780521413114
040 _cHDL
_beng
082 0 0 _a294.592 N2
_220
111 2 _aConference on Devotional Literature in New Indo-Aryan Languages
_n(4th :
_d1988 :
_cWolfson College)
_91132399
245 1 0 _aDevotional literature in South Asia :
_bcurrent research, 1985-1988 : papers of the Fourth Conference on Devotional Literature in New Indo-Aryan Languages, held at Wolfson College, Cambridge, 1-4 September 1988 /
_cedited by R.S. McGregor.
260 _aCambridge ;
_aNew York :
_bCambridge University Press,
_c1992.
300 _axvi, 322 p.
_c24 cm.
440 0 _aUniversity of Cambridge oriental publications ;
_vno. 46
_91132400
650 0 _aHindu literature
_xHistory and criticism
_xCongresses.
_91132401
650 0 _aIslamic literature
_xHistory and criticism
_xCongresses.
_91132402
650 0 _aBhakti in literature
_xCongresses.
_91132403
700 1 _aMcGregor, R. S.
_q(Ronald Stuart)
_91132404
942 _2CC
_cTEXL
_n0
999 _c1715661
_d1715661